فیترت اور صیحت / (Record no. 169962)

MARC details
000 -LEADER
fixed length control field 00651nam a22001937a 4500
005 - DATE AND TIME OF LATEST TRANSACTION
control field 20191213160749.0
010 ## - LCCN (DPL NO)
LC control number A-420107
020 ## - INTERNATIONAL STANDARD BOOK NUMBER
Terms of availability 48.00
035 ## - SYSTEM CONTROL NUMBER
System control number A-420107
037 ## - SOURCE OF ACQUISITION
Source of stock number/acquisition BPPD/Pub.
082 ## - DEWEY DECIMAL CLASSIFICATION NUMBER
Classification number 613
100 ## - MAIN ENTRY--PERSONAL NAME
Personal name سےید غولام رسول شاہ گلانی
245 ## - TITLE STATEMENT
Title فیترت اور صیحت /
Statement of responsibility, etc سےید غولام رسول شاہ گلانی
246 ## - VARYING FORM OF TITLE
Title proper/short title FItrat aur Sehat (Urdu) /
Remainder of title by Sayyed Ghulam Rasool Shah Gilani
260 ## - PUBLICATION, DISTRIBUTION, ETC. (IMPRINT)
Place of publication, distribution, etc Lahore
Name of publisher, distributor, etc Alfaizal Nashran Watajran qutub
270 ## - ADDRESS
Address Nazar Kamyab Daak Khana, Urdu Bazar
City Lahore
300 ## - PHYSICAL DESCRIPTION
Extent 222p.
Dimensions 20cm(Hb)
942 ## - ADDED ENTRY ELEMENTS (KOHA)
Source of classification or shelving scheme Dewey Decimal Classification
Item type Urdu Bks
Classification part 613
Call number suffix ‏غ ل ا
Holdings
Withdrawn status Lost status Not for loan Collection code Home library Current library Date acquired Source of acquisition Cost, normal purchase price Full call number Barcode Copy number Cost, replacement price Koha item type
      Non-fiction Central Library Central Library 09/12/2019 BPPD/Ven. 48.00 613 ‏غ ل ا A-420107 1 48.00 Urdu Bks

© Delhi Public Library
Hit Counter
free hit counter